000
00190 a2200097 4500
001
42246
100
_a
245
_a
Pears Cyclopedia
260
_a
_b
Mary Barker
_c
090
_c
26221
_d
26221
942
_a
NUST-CAE
_c
M
_c
18027
999
_c
277319
_d
277319